<?xml version="1.0" encoding="UTF-8"?>
<record
    xmlns:xsi="http://www.w3.org/2001/XMLSchema-instance"
    xsi:schemaLocation="http://www.loc.gov/MARC21/slim http://www.loc.gov/standards/marcxml/schema/MARC21slim.xsd"
    xmlns="http://www.loc.gov/MARC21/slim">

  <leader>03136nam a22004097a 4500</leader>
  <datafield tag="952" ind1=" " ind2=" ">
    <subfield code="0">0</subfield>
    <subfield code="1">0</subfield>
    <subfield code="4">0</subfield>
    <subfield code="7">0</subfield>
    <subfield code="a">18</subfield>
    <subfield code="b">18</subfield>
    <subfield code="d">2017-05-22</subfield>
    <subfield code="l">0</subfield>
    <subfield code="o">HM1206 R63</subfield>
    <subfield code="p">18 004489</subfield>
    <subfield code="r">2017-06-07</subfield>
    <subfield code="t">1</subfield>
    <subfield code="w">2017-06-07</subfield>
    <subfield code="y">LB</subfield>
  </datafield>
  <datafield tag="952" ind1=" " ind2=" ">
    <subfield code="0">0</subfield>
    <subfield code="1">0</subfield>
    <subfield code="2">lcc</subfield>
    <subfield code="4">0</subfield>
    <subfield code="7">0</subfield>
    <subfield code="a">21</subfield>
    <subfield code="b">21</subfield>
    <subfield code="d">2017-06-08</subfield>
    <subfield code="l">0</subfield>
    <subfield code="o">HM1206 R63</subfield>
    <subfield code="p">21 003649</subfield>
    <subfield code="r">2017-06-08</subfield>
    <subfield code="t">1</subfield>
    <subfield code="w">2017-06-08</subfield>
    <subfield code="y">LB</subfield>
  </datafield>
  <datafield tag="952" ind1=" " ind2=" ">
    <subfield code="0">0</subfield>
    <subfield code="1">0</subfield>
    <subfield code="2">lcc</subfield>
    <subfield code="4">0</subfield>
    <subfield code="7">0</subfield>
    <subfield code="a">21</subfield>
    <subfield code="b">21</subfield>
    <subfield code="d">2017-06-08</subfield>
    <subfield code="l">1</subfield>
    <subfield code="o">HM1206 R63</subfield>
    <subfield code="p">21 003650</subfield>
    <subfield code="r">2017-07-10</subfield>
    <subfield code="s">2017-07-10</subfield>
    <subfield code="t">2</subfield>
    <subfield code="w">2017-06-08</subfield>
    <subfield code="y">LB</subfield>
  </datafield>
  <datafield tag="952" ind1=" " ind2=" ">
    <subfield code="0">0</subfield>
    <subfield code="1">0</subfield>
    <subfield code="2">lcc</subfield>
    <subfield code="4">0</subfield>
    <subfield code="7">0</subfield>
    <subfield code="a">03</subfield>
    <subfield code="b">03</subfield>
    <subfield code="d">2017-06-10</subfield>
    <subfield code="l">0</subfield>
    <subfield code="o">HM1206 R63</subfield>
    <subfield code="p">03 009451</subfield>
    <subfield code="r">2017-06-10</subfield>
    <subfield code="t">1</subfield>
    <subfield code="w">2017-06-10</subfield>
    <subfield code="y">LB</subfield>
  </datafield>
  <datafield tag="952" ind1=" " ind2=" ">
    <subfield code="0">0</subfield>
    <subfield code="1">0</subfield>
    <subfield code="2">lcc</subfield>
    <subfield code="4">0</subfield>
    <subfield code="7">0</subfield>
    <subfield code="a">03</subfield>
    <subfield code="b">03</subfield>
    <subfield code="d">2017-06-10</subfield>
    <subfield code="l">0</subfield>
    <subfield code="o">HM1206 R63</subfield>
    <subfield code="p">03 009452</subfield>
    <subfield code="r">2017-06-10</subfield>
    <subfield code="t">2</subfield>
    <subfield code="w">2017-06-10</subfield>
    <subfield code="y">LB</subfield>
  </datafield>
  <datafield tag="952" ind1=" " ind2=" ">
    <subfield code="0">0</subfield>
    <subfield code="1">0</subfield>
    <subfield code="4">0</subfield>
    <subfield code="7">0</subfield>
    <subfield code="a">11</subfield>
    <subfield code="b">11</subfield>
    <subfield code="d">2017-06-19</subfield>
    <subfield code="l">0</subfield>
    <subfield code="o">HM1206 R63</subfield>
    <subfield code="p">11 013491</subfield>
    <subfield code="r">2017-06-19</subfield>
    <subfield code="t">1</subfield>
    <subfield code="w">2017-06-19</subfield>
    <subfield code="y">LB</subfield>
  </datafield>
  <datafield tag="952" ind1=" " ind2=" ">
    <subfield code="0">0</subfield>
    <subfield code="1">0</subfield>
    <subfield code="4">0</subfield>
    <subfield code="7">0</subfield>
    <subfield code="a">11</subfield>
    <subfield code="b">11</subfield>
    <subfield code="d">2017-06-19</subfield>
    <subfield code="l">0</subfield>
    <subfield code="o">HM1206 R63</subfield>
    <subfield code="p">11 013492</subfield>
    <subfield code="r">2017-06-19</subfield>
    <subfield code="t">2</subfield>
    <subfield code="w">2017-06-19</subfield>
    <subfield code="y">LB</subfield>
  </datafield>
  <datafield tag="952" ind1=" " ind2=" ">
    <subfield code="0">0</subfield>
    <subfield code="1">0</subfield>
    <subfield code="2">lcc</subfield>
    <subfield code="4">0</subfield>
    <subfield code="7">0</subfield>
    <subfield code="a">03</subfield>
    <subfield code="b">03</subfield>
    <subfield code="d">2017-07-06</subfield>
    <subfield code="l">0</subfield>
    <subfield code="o">HM1206 R63</subfield>
    <subfield code="p">03 009456</subfield>
    <subfield code="r">2017-07-06</subfield>
    <subfield code="t">3</subfield>
    <subfield code="w">2017-07-06</subfield>
    <subfield code="y">LB</subfield>
  </datafield>
  <datafield tag="952" ind1=" " ind2=" ">
    <subfield code="0">0</subfield>
    <subfield code="1">0</subfield>
    <subfield code="2">lcc</subfield>
    <subfield code="4">0</subfield>
    <subfield code="7">0</subfield>
    <subfield code="a">03</subfield>
    <subfield code="b">03</subfield>
    <subfield code="d">2017-07-06</subfield>
    <subfield code="l">0</subfield>
    <subfield code="o">HM1206 R63</subfield>
    <subfield code="p">03 009457</subfield>
    <subfield code="r">2017-07-06</subfield>
    <subfield code="t">4</subfield>
    <subfield code="w">2017-07-06</subfield>
    <subfield code="y">LB</subfield>
  </datafield>
  <datafield tag="952" ind1=" " ind2=" ">
    <subfield code="0">0</subfield>
    <subfield code="1">0</subfield>
    <subfield code="2">lcc</subfield>
    <subfield code="4">0</subfield>
    <subfield code="7">0</subfield>
    <subfield code="a">04</subfield>
    <subfield code="b">04</subfield>
    <subfield code="d">2017-07-11</subfield>
    <subfield code="l">0</subfield>
    <subfield code="o">HM1206 R63</subfield>
    <subfield code="p">04 006777</subfield>
    <subfield code="r">2017-07-11</subfield>
    <subfield code="t">1</subfield>
    <subfield code="w">2017-07-11</subfield>
    <subfield code="y">LB</subfield>
  </datafield>
  <datafield tag="952" ind1=" " ind2=" ">
    <subfield code="0">0</subfield>
    <subfield code="1">0</subfield>
    <subfield code="2">lcc</subfield>
    <subfield code="4">0</subfield>
    <subfield code="7">0</subfield>
    <subfield code="a">04</subfield>
    <subfield code="b">04</subfield>
    <subfield code="d">2017-07-11</subfield>
    <subfield code="l">0</subfield>
    <subfield code="o">HM1206 R63</subfield>
    <subfield code="p">04 006778</subfield>
    <subfield code="r">2017-07-11</subfield>
    <subfield code="t">2</subfield>
    <subfield code="w">2017-07-11</subfield>
    <subfield code="y">LB</subfield>
  </datafield>
  <datafield tag="952" ind1=" " ind2=" ">
    <subfield code="0">0</subfield>
    <subfield code="1">0</subfield>
    <subfield code="2">lcc</subfield>
    <subfield code="4">0</subfield>
    <subfield code="7">0</subfield>
    <subfield code="a">21</subfield>
    <subfield code="b">21</subfield>
    <subfield code="d">2017-07-17</subfield>
    <subfield code="l">1</subfield>
    <subfield code="o">HM1206 R63</subfield>
    <subfield code="p">21 003705</subfield>
    <subfield code="r">2018-09-22</subfield>
    <subfield code="s">2018-09-15</subfield>
    <subfield code="t">3</subfield>
    <subfield code="w">2017-07-17</subfield>
    <subfield code="y">LB</subfield>
  </datafield>
  <datafield tag="952" ind1=" " ind2=" ">
    <subfield code="0">0</subfield>
    <subfield code="1">0</subfield>
    <subfield code="2">lcc</subfield>
    <subfield code="4">0</subfield>
    <subfield code="7">0</subfield>
    <subfield code="a">21</subfield>
    <subfield code="b">21</subfield>
    <subfield code="d">2017-07-17</subfield>
    <subfield code="l">0</subfield>
    <subfield code="o">HM1206 R63</subfield>
    <subfield code="p">21 003706</subfield>
    <subfield code="r">2017-07-19</subfield>
    <subfield code="t">4</subfield>
    <subfield code="w">2017-07-17</subfield>
    <subfield code="y">LB</subfield>
  </datafield>
  <datafield tag="952" ind1=" " ind2=" ">
    <subfield code="0">0</subfield>
    <subfield code="1">0</subfield>
    <subfield code="2">lcc</subfield>
    <subfield code="4">0</subfield>
    <subfield code="7">0</subfield>
    <subfield code="a">14</subfield>
    <subfield code="b">14</subfield>
    <subfield code="d">2017-07-31</subfield>
    <subfield code="l">0</subfield>
    <subfield code="o">HM1206 R63</subfield>
    <subfield code="p">14 003890</subfield>
    <subfield code="r">2017-07-31</subfield>
    <subfield code="t">1</subfield>
    <subfield code="w">2017-07-31</subfield>
    <subfield code="y">LB</subfield>
  </datafield>
  <datafield tag="952" ind1=" " ind2=" ">
    <subfield code="0">0</subfield>
    <subfield code="1">0</subfield>
    <subfield code="2">lcc</subfield>
    <subfield code="4">0</subfield>
    <subfield code="7">0</subfield>
    <subfield code="a">14</subfield>
    <subfield code="b">14</subfield>
    <subfield code="d">2017-07-31</subfield>
    <subfield code="l">0</subfield>
    <subfield code="o">HM1206 R63</subfield>
    <subfield code="p">14 003892</subfield>
    <subfield code="r">2017-07-31</subfield>
    <subfield code="t">2</subfield>
    <subfield code="w">2017-07-31</subfield>
    <subfield code="y">LB</subfield>
  </datafield>
  <datafield tag="952" ind1=" " ind2=" ">
    <subfield code="0">0</subfield>
    <subfield code="1">0</subfield>
    <subfield code="4">0</subfield>
    <subfield code="7">0</subfield>
    <subfield code="a">19</subfield>
    <subfield code="b">19</subfield>
    <subfield code="d">2017-07-31</subfield>
    <subfield code="l">0</subfield>
    <subfield code="o">HM1206 R63</subfield>
    <subfield code="p">19 003097</subfield>
    <subfield code="r">2017-07-31</subfield>
    <subfield code="t">1</subfield>
    <subfield code="w">2017-07-31</subfield>
    <subfield code="y">LB</subfield>
  </datafield>
  <datafield tag="952" ind1=" " ind2=" ">
    <subfield code="0">0</subfield>
    <subfield code="1">0</subfield>
    <subfield code="4">0</subfield>
    <subfield code="7">0</subfield>
    <subfield code="a">19</subfield>
    <subfield code="b">19</subfield>
    <subfield code="d">2017-08-02</subfield>
    <subfield code="l">0</subfield>
    <subfield code="o">HM1206 R63</subfield>
    <subfield code="p">19 003111</subfield>
    <subfield code="r">2017-08-02</subfield>
    <subfield code="t">2</subfield>
    <subfield code="w">2017-08-02</subfield>
    <subfield code="y">LB</subfield>
  </datafield>
  <datafield tag="952" ind1=" " ind2=" ">
    <subfield code="0">0</subfield>
    <subfield code="1">0</subfield>
    <subfield code="4">0</subfield>
    <subfield code="7">0</subfield>
    <subfield code="a">19</subfield>
    <subfield code="b">19</subfield>
    <subfield code="d">2017-08-02</subfield>
    <subfield code="l">0</subfield>
    <subfield code="o">HM1206 R63</subfield>
    <subfield code="p">19 003112</subfield>
    <subfield code="r">2017-08-02</subfield>
    <subfield code="t">3</subfield>
    <subfield code="w">2017-08-02</subfield>
    <subfield code="y">LB</subfield>
  </datafield>
  <datafield tag="952" ind1=" " ind2=" ">
    <subfield code="0">0</subfield>
    <subfield code="1">0</subfield>
    <subfield code="4">0</subfield>
    <subfield code="7">0</subfield>
    <subfield code="a">18</subfield>
    <subfield code="b">18</subfield>
    <subfield code="d">2018-05-03</subfield>
    <subfield code="l">2</subfield>
    <subfield code="o">HM1206 R63</subfield>
    <subfield code="p">18 004580</subfield>
    <subfield code="r">2020-02-25</subfield>
    <subfield code="s">2020-02-25</subfield>
    <subfield code="t">2</subfield>
    <subfield code="w">2018-05-03</subfield>
    <subfield code="y">LB</subfield>
  </datafield>
  <datafield tag="952" ind1=" " ind2=" ">
    <subfield code="0">0</subfield>
    <subfield code="1">0</subfield>
    <subfield code="4">0</subfield>
    <subfield code="7">0</subfield>
    <subfield code="a">18</subfield>
    <subfield code="b">18</subfield>
    <subfield code="d">2018-05-03</subfield>
    <subfield code="l">0</subfield>
    <subfield code="o">HM1206 R63</subfield>
    <subfield code="p">18 004581</subfield>
    <subfield code="r">2018-05-03</subfield>
    <subfield code="t">3</subfield>
    <subfield code="w">2018-05-03</subfield>
    <subfield code="y">LB</subfield>
  </datafield>
  <datafield tag="952" ind1=" " ind2=" ">
    <subfield code="0">0</subfield>
    <subfield code="1">0</subfield>
    <subfield code="4">0</subfield>
    <subfield code="7">0</subfield>
    <subfield code="a">01</subfield>
    <subfield code="b">01</subfield>
    <subfield code="d">2018-07-27</subfield>
    <subfield code="l">0</subfield>
    <subfield code="o">302.23 R581in</subfield>
    <subfield code="p">01 014647</subfield>
    <subfield code="r">2018-07-27</subfield>
    <subfield code="t">1</subfield>
    <subfield code="w">2018-07-27</subfield>
    <subfield code="y">LB</subfield>
  </datafield>
  <datafield tag="952" ind1=" " ind2=" ">
    <subfield code="0">0</subfield>
    <subfield code="1">0</subfield>
    <subfield code="4">0</subfield>
    <subfield code="7">0</subfield>
    <subfield code="a">01</subfield>
    <subfield code="b">01</subfield>
    <subfield code="d">2018-07-27</subfield>
    <subfield code="l">0</subfield>
    <subfield code="o">302.23 R581in</subfield>
    <subfield code="p">01 014648</subfield>
    <subfield code="r">2018-07-27</subfield>
    <subfield code="t">2</subfield>
    <subfield code="w">2018-07-27</subfield>
    <subfield code="y">LB</subfield>
  </datafield>
  <datafield tag="952" ind1=" " ind2=" ">
    <subfield code="0">0</subfield>
    <subfield code="1">0</subfield>
    <subfield code="2">lcc</subfield>
    <subfield code="4">0</subfield>
    <subfield code="7">0</subfield>
    <subfield code="a">09</subfield>
    <subfield code="b">09</subfield>
    <subfield code="d">2019-02-07</subfield>
    <subfield code="l">0</subfield>
    <subfield code="o">HM1206 R63 2015</subfield>
    <subfield code="p">09 005355</subfield>
    <subfield code="r">2019-02-07</subfield>
    <subfield code="t">1</subfield>
    <subfield code="w">2019-02-07</subfield>
    <subfield code="y">LB</subfield>
  </datafield>
  <datafield tag="952" ind1=" " ind2=" ">
    <subfield code="0">0</subfield>
    <subfield code="1">0</subfield>
    <subfield code="2">lcc</subfield>
    <subfield code="4">0</subfield>
    <subfield code="7">0</subfield>
    <subfield code="a">09</subfield>
    <subfield code="b">09</subfield>
    <subfield code="d">2019-02-07</subfield>
    <subfield code="l">0</subfield>
    <subfield code="o">HM1206 R63 2015</subfield>
    <subfield code="p">09 005356</subfield>
    <subfield code="r">2019-02-07</subfield>
    <subfield code="t">2</subfield>
    <subfield code="w">2019-02-07</subfield>
    <subfield code="y">LB</subfield>
  </datafield>
  <datafield tag="999" ind1=" " ind2=" ">
    <subfield code="c">102064</subfield>
    <subfield code="d">102064</subfield>
  </datafield>
  <controlfield tag="005">20231102152032.0</controlfield>
  <controlfield tag="008">170607s2015    mx            001 0 spa d</controlfield>
  <datafield tag="020" ind1=" " ind2=" ">
    <subfield code="a">9786073230780</subfield>
  </datafield>
  <datafield tag="050" ind1=" " ind2="4">
    <subfield code="a">HM1206</subfield>
    <subfield code="b">R63</subfield>
  </datafield>
  <datafield tag="082" ind1=" " ind2="4">
    <subfield code="a">302.23</subfield>
    <subfield code="b">R581in</subfield>
    <subfield code="2"> </subfield>
  </datafield>
  <datafield tag="100" ind1="1" ind2=" ">
    <subfield code="a">Rocha, Ernesto</subfield>
    <subfield code="e">autor</subfield>
  </datafield>
  <datafield tag="245" ind1="1" ind2="0">
    <subfield code="a">Investigaci&#xF3;n y teor&#xED;as de la comunicaci&#xF3;n masiva</subfield>
    <subfield code="c">/ Ernesto Rocha</subfield>
  </datafield>
  <datafield tag="260" ind1="3" ind2=" ">
    <subfield code="a">M&#xE9;xico</subfield>
    <subfield code="b">: Pearson Educaci&#xF3;n</subfield>
    <subfield code="c">, 2015</subfield>
  </datafield>
  <datafield tag="300" ind1=" " ind2=" ">
    <subfield code="a">xiii, 143 p&#xE1;ginas</subfield>
    <subfield code="c">; 26 cm.</subfield>
  </datafield>
  <datafield tag="505" ind1="0" ind2=" ">
    <subfield code="a">Perspectivas en la investigaci&#xF3;n de los nuevos medios
Teor&#xED;as de la comunicaci&#xF3;n masiva
Efectos poderosos y limitados
Investigaci&#xF3;n cl&#xE1;sica de la comunicaci&#xF3;n masiva
Los estudios de la fundaci&#xF3;n Payne
La invasi&#xF3;n desde Marte
La elecci&#xF3;n del pueblo
Experimentos en comunicaci&#xF3;n masiva
Comunicaci&#xF3;n y persuasi&#xF3;n
La influencia personal
El flujo de informaci&#xF3;n
La seducci&#xF3;n del inocente
La televisi&#xF3;n en la vida de los ni&#xF1;os
La violencia y los medios
La televisi&#xF3;n y la conducta social
La televisi&#xF3;n y la conducta
Agenda setting</subfield>
  </datafield>
  <datafield tag="519" ind1=" " ind2=" ">
    <subfield code="a">Educaci&#xF3;n Mixta / </subfield>
    <subfield code="b">Administraci&#xF3;n / </subfield>
    <subfield code="c">Comunicaci&#xF3;n Oral y Escrita (M01-3) / </subfield>
    <subfield code="d">(18 004489, 18 004580, 18 004581)</subfield>
  </datafield>
  <datafield tag="519" ind1=" " ind2=" ">
    <subfield code="a">Educaci&#xF3;n Mixta / </subfield>
    <subfield code="b">Administraci&#xF3;n / </subfield>
    <subfield code="c">Comunicaci&#xF3;n Oral y Escrita (M01) / </subfield>
    <subfield code="d">(21 003649, 21 003659)</subfield>
  </datafield>
  <datafield tag="519" ind1=" " ind2=" ">
    <subfield code="a">Educaci&#xF3;n Mixta / </subfield>
    <subfield code="b">Administraci&#xF3;n / </subfield>
    <subfield code="c">Material Complementario /</subfield>
    <subfield code="d">(21 003705, 21 003706)</subfield>
  </datafield>
  <datafield tag="519" ind1=" " ind2=" ">
    <subfield code="a">Material Complementario /</subfield>
    <subfield code="d">(03 009451, 03 009452, 03 009456, 03 009457)</subfield>
  </datafield>
  <datafield tag="519" ind1=" " ind2=" ">
    <subfield code="a">Educaci&#xF3;n Mixta / </subfield>
    <subfield code="b">Inform&#xE1;tica / </subfield>
    <subfield code="c">Comunicaci&#xF3;n Oral y Escrita (M01-2) / </subfield>
    <subfield code="d">(04 006777)</subfield>
  </datafield>
  <datafield tag="519" ind1=" " ind2=" ">
    <subfield code="a">Educaci&#xF3;n Mixta / </subfield>
    <subfield code="b">Administraci&#xF3;n / </subfield>
    <subfield code="c">Comunicaci&#xF3;n Oral y Escrita (M01) / </subfield>
    <subfield code="d">(04 006778)</subfield>
  </datafield>
  <datafield tag="519" ind1=" " ind2=" ">
    <subfield code="a">Educaci&#xF3;n Mixta / </subfield>
    <subfield code="b">Administraci&#xF3;n / </subfield>
    <subfield code="c">Material Complementario (M01-5) / </subfield>
    <subfield code="d">(19 003097)</subfield>
  </datafield>
  <datafield tag="519" ind1=" " ind2=" ">
    <subfield code="a">Material Complemetario / Mixta / </subfield>
    <subfield code="b">Pedagog&#xED;a / </subfield>
    <subfield code="c">Nuevas Tecnolog&#xED;as Aplicadas a la Educaci&#xF3;n (P20-4) /</subfield>
    <subfield code="d">(19 003111)</subfield>
  </datafield>
  <datafield tag="519" ind1=" " ind2=" ">
    <subfield code="a">Educaci&#xF3;n Mixta / </subfield>
    <subfield code="b">Pedagog&#xED;a / </subfield>
    <subfield code="c">Comunicaci&#xF3;n Educativa (P16-1) / </subfield>
    <subfield code="d">(19 003112)</subfield>
  </datafield>
  <datafield tag="519" ind1=" " ind2=" ">
    <subfield code="a">Material Complementario / </subfield>
    <subfield code="d">(01 014648)</subfield>
  </datafield>
  <datafield tag="519" ind1=" " ind2=" ">
    <subfield code="a">Educaci&#xF3;n Mixta / </subfield>
    <subfield code="b">Administraci&#xF3;n / </subfield>
    <subfield code="c">Material Complementario / </subfield>
    <subfield code="d">(09 005355, 09 005356)</subfield>
  </datafield>
  <datafield tag="650" ind1="1" ind2="4">
    <subfield code="a">COMUNICACI&#xD3;N</subfield>
    <subfield code="x">ASPECTOS SOCIALES</subfield>
  </datafield>
  <datafield tag="650" ind1="2" ind2="4">
    <subfield code="a">MEDIOS DE COMUNICACI&#xD3;N MASIVA</subfield>
  </datafield>
  <datafield tag="942" ind1=" " ind2=" ">
    <subfield code="c">LB</subfield>
  </datafield>
</record>
